|
|
|
|
| LEADER |
00704nam a2200229Ia 4500 |
| 008 |
240829s9999 xx 000 0 und d |
| 020 |
|
|
|a 9977-64-913-8
|
| 040 |
|
|
|a BIBLIOTECA-RUSB/ 371.36 F194
|
| 041 |
|
|
|a spa
|
| 082 |
|
|
|a 371.36 F194
|
| 100 |
1 |
|
|a Fallas Araya, Victor Hugo
|
| 100 |
1 |
|
|b Herrera Solís,Vilma E.
|
| 245 |
1 |
0 |
|a Evaluación e implantación de un sistema de calidad en instituciones educativas
|
| 260 |
|
|
|a San José, Costa Rica
|b EUNED
|c 1998
|
| 300 |
|
|
|a 254 p. :il.
|
| 650 |
7 |
|
|a METODO DE PROYECTOS - EVALUACION - NORMAS
|
| 650 |
7 |
|
|b PEDAGOGIA
|
| 650 |
7 |
|
|c EDUCACION NORMA ISO - 9004.2
|
| 650 |
7 |
|
|d CALIDAD DE LA EDUCACION
|
| 942 |
|
|
|c BK
|2 ddc
|
| 991 |
|
|
|a TEXTO
|
| 999 |
|
|
|c 1143
|